| 000 | 01593nim a2200385 i 4500 | ||
|---|---|---|---|
| 001 | 197238 | ||
| 003 | ES-MaACL | ||
| 005 | 20250828062605.0 | ||
| 007 | ss lsnjlcipnne | ||
| 008 | 250424s1990 sp nnnn |||| 00| spa d | ||
| 040 |
_bspa _cES-MaACL |
||
| 245 | 0 | 3 |
_aLa República: Azaña, hoy _h[Grabación sonora] : _bconferencia |
| 260 |
_aMadrid : _bAteneo de Madrid, _c1990. |
||
| 300 |
_a2 casetes (ca. 180 min) : _bson. ; _c11 cm |
||
| 490 | 1 | _3Actos culturales en el Ateneo de Madrid | |
| 518 | _aGrabado el 28 de septiembre de 1990 en el Salón de Actos del Ateneo de Madrid. | ||
| 520 | _aConferencia y debate sobre Manuel Azaña, enmarcado en un ciclo de actos en la ciudad de Madrid por el cincuentenario de su muerte. | ||
| 540 | _aDocumento inédito | ||
| 594 | _5Datos basados en la invitación. | ||
| 600 | 1 | 4 |
_924225 _aAzaña, Manuel, 1880-1940- _vHomenajes |
| 610 | 2 | 0 |
_aAteneo de Madrid- _xActos culturales- _y1990- _vGrabaciones sonoras _9240083 |
| 653 | _aArchivo de la palabra | ||
| 655 | 0 |
_aConferencias _9234444 |
|
| 700 | 0 |
_958838 _aGonzález Neira, Aquilino _epres |
|
| 700 | 1 |
_9150086 _aArchaga, Eduardo _eora |
|
| 700 | 1 |
_977873 _aMartínez Azaña, Manuel _eora |
|
| 700 | 1 |
_9240382 _aRuipérez Alamillo, Javier _eora |
|
| 710 | 2 |
_aAteneo de Madrid. _bSección de Ciencias Sociales _ehis _91988 |
|
| 830 | 0 |
_aActos culturales en el Ateneo de Madrid _9240237 |
|
| 852 |
_aES-MaACL _cDEPOZ _9205424 _pCinta 1 |
||
| 852 |
_aES-MaACL _cDEPOZ _9205425 _pCinta 2 |
||
| 942 |
_2udc _n0 _cCINTASAUD |
||
| 999 |
_c197238 _d197238 |
||